Southville International School and Colleges
Your cart is empty.
  • Cart
  • Lists
    Public lists Eva Luna New books Lux_list list_1
    Your lists Log in to create your own lists
  • Log in to your account
  • Your cookies
  • Search history
Southville International School and Colleges
  • Advanced search
  • Recent comments
  • Most popular
  • Libraries

Log in to your account

Log in with GOOGLE


If you do not have an external account, but do have a local account, you can still log in:

  1. Home
  2. MARC view: Street smart franchising /
Normal view MARC view ISBD view

Street smart franchising / (Record no. 357100)

[ view plain ]
MARC details
000 -LEADER
fixed length control field 00537nam a2200205Ia 4500
008 - FIXED-LENGTH DATA ELEMENTS--GENERAL INFORMATION
fixed length control field 180523s9999 xx 000 0 und d
020 ## - INTERNATIONAL STANDARD BOOK NUMBER
International Standard Book Number 1-59918-021-9
050 ## - LIBRARY OF CONGRESS CALL NUMBER
Classification number MAIN HF 5429.23
050 ## - LIBRARY OF CONGRESS CALL NUMBER
Item number .M38 2006
100 ## - MAIN ENTRY--PERSONAL NAME
Personal name Mathews, Joe.
245 #0 - TITLE STATEMENT
Title Street smart franchising /
245 #0 - TITLE STATEMENT
Statement of responsibility, etc Joe Mathewsm Don Debolt and Deb Percival.
260 ## - PUBLICATION, DISTRIBUTION, ETC. (IMPRINT)
Place of publication, distribution, etc Canada :
260 ## - PUBLICATION, DISTRIBUTION, ETC. (IMPRINT)
Name of publisher, distributor, etc Entrepreneur Press,
260 ## - PUBLICATION, DISTRIBUTION, ETC. (IMPRINT)
Date of publication, distribution, etc 2006
300 ## - PHYSICAL DESCRIPTION
Extent 234 pages :
300 ## - PHYSICAL DESCRIPTION
Dimensions 23 cm.
500 ## - GENERAL NOTE
General note Includes index.
650 ## - SUBJECT ADDED ENTRY--TOPICAL TERM
Topical term or geographic name as entry element Franchises (Retail trade).
Holdings
Withdrawn status Lost status Damaged status Home library Current library Shelving location Date acquired Total Checkouts Full call number Barcode Date last seen Price effective from Koha item type
      South Mansfield College South Mansfield College   06/18/2007   MAIN HF 5429.23 .M38 2006 SMC03592 05/23/2018 05/23/2018  

Street smart franchising /

APA

Mathews J., .Street smart franchising. Canada: .

Chicago

Mathews Joe, .Street smart franchising. Canada: .

Harvard

Mathews J., .Street smart franchising. Canada: .

MLA

Mathews Joe, .Canada: . .

  • Place hold
  • Print
  • Cite
  • Add to your cart (remove)
  • Save record
    BIBTEX Dublin Core MARCXML MARC (non-Unicode/MARC-8) MARC (Unicode/UTF-8) MARC (Unicode/UTF-8, Standard) MODS (XML) RIS
  • More searches
    Search for this title in:
    Other Libraries (WorldCat) Other Databases (Google Scholar) Online Stores (Bookfinder.com) Open Library (openlibrary.org)

Exporting to Dublin Core...

SOUTHVILLE LIBRARY

Southville International School and Colleges Library

1281 Tropical Ave. Cor. Luxembourg St., BF Homes International, Las Pinas City

Tel. No. 8256374 / 252358 Loc. 117/146

Powered by Koha